Elementos de máquinas

Bibliographic Details
Main Authors: Spotts, M. F., Shoup, T.E.
Format: Section = Libro
Language:Undetermined
Spanish
Published: México Pearson Educación 2002
Subjects:
LEADER 00607nam a2200229Ia 4500
008 240829s9999 xx 000 0 und d
020 |a 970-17-0252-2 
040 |a BIBLIOTECA-RUSB/ 621.8 S765 
041 |a spa 
082 |a 621.8 S765 
100 1 |a Spotts, M. F.  
100 1 |b  Shoup, T.E. 
245 1 0 |a Elementos de máquinas 
260 |a México  |b Pearson Educación  |c 2002 
300 |a 856 p. :il. 
650 7 |a INGENIERIA DE MAQUINAS 
650 7 |b  ELEMENTOS DE MAQUINAS 
650 7 |c  DISEÑO DE EJES 
650 7 |d  HOJAS DE CALCULOS - CONVERSION 
942 |c BK  |2 ddc 
991 |a TEXTO 
999 |c 3615